| 000 | 00475cam a22001457a 4500 | ||
|---|---|---|---|
| 008 | 180718b1961 xxu||||| |||| 00| 0 eng d | ||
| 082 | _aF8x73 D264 | ||
| 100 | _aDaudt, H. | ||
| 245 |
_aFloating voters and the floating vote; a critical analysis of American and English election studies _cby H. Daudt |
||
| 260 |
_aLeiden _bStenfert Kroese _c1961 |
||
| 300 | _a171p. | ||
| 650 | _aVoting --Case studies | ||
| 650 | _aVoting --Great Britain | ||
| 650 | _aVoting --United States | ||
| 999 |
_c363551 _d363551 |
||